| 000 | 01972nam a2200301 i 4500 | ||
|---|---|---|---|
| 001 | 162804 | ||
| 003 | ES-MaACL | ||
| 005 | 20250928112454.0 | ||
| 008 | 970915s1772 sp f |||| | spa d | ||
| 040 |
_aAR _bspa _cAR |
||
| 100 | 1 |
_aQuevedo, Francisco de, _d1580-1645 _994591 |
|
| 245 | 1 | 0 |
_aObras de D. Francisco de Quevedo Villegas. _nTomo I [-tomo VI]. |
| 260 |
_aMadrid : _bpor D. Joachin Ibarra ..., _c1772. |
||
| 300 |
_a4 t. en 6 v. ([4], 708 p., [1] h. de lám. ; [4], 692 ; [16], 292, [4] ; [16], 576 p., [6] h. de lám. ; [4], 314, [2] p. en bl., [3] h. de lám. ; [4], 308 p.) ; _c4º. |
||
| 505 | 8 |
_aContiene: t. 3 ; _tPolítica de Dios y gobierno de Christo sacada de la sagrada escritura - t. 4 ; _tEl Parnaso Español Monte en dos cumbres dividido con las nueve musas castellanas donde se contiene poesias - t. 5 ; _tLas tres últimas musas castellanas segunda cumbre del Parnaso Español - t. 6 ; _tVida y obras posthumas de D. Francisco de Quevedo y Villega |
|
| 530 | _aDisponible en formato digital. | ||
| 596 | _aMarca tip. xil. en port. (Vindel 599) | ||
| 597 | _aSign.: [ ]², A-Z8, 2A-2X8, 2Y² ; tomo 2: [ ]², A-Z8, 2A-2V8, 2X² ; tomo 3: [calderón]8, A-S8, T4 ; tomo 4: *8, [ ]²?¹, A-Z8, 2A-2N8 ; tomo 5: A-V8 ; t. 6: [ ]², A-S8, T¹°. | ||
| 597 | _aTexto a dos col. | ||
| 599 | _aLa h. de grabado calcográfico del t. 1 es un retrato del autor: "Mar.io Salv.or Maella delin., en Madrid por Joachin Ballester sculp." | ||
| 599 | _aLas h. de lámina de los t. 3 y 4 son grabados calcográficos que representan a las musas. | ||
| 700 | 1 |
_aMaella, Mariano Salvador, _d1739-1819 _9162062 |
|
| 700 | 1 |
_aBallester, Joaquín ( _d1740-1808) _9157689 |
|
| 700 | 1 |
_aIbarra, Joaquín, _d1725-1785 _9172326 |
|
| 852 |
_aES-MaACL _jR-230-35 _z-- Enc. pasta española con hierros _x Olim: B-97-102 |
||
| 856 |
_uhttp://bdh-rd.bne.es/viewer.vm?id=0000008561&page=1 _zBiblioteca Digital Hispánica |
||
| 999 |
_c162804 _d162804 |
||